| 000 | 03191cam a22006134i 4500 | ||
|---|---|---|---|
| 003 | PE-LiUPU | ||
| 005 | 20260218084757.0 | ||
| 008 | 150616s1975 ag r 000 0 spa d | ||
| 035 | _a(Sirsi) a5780 | ||
| 040 |
_bspa _cPE-LiUPU _erda _dPE-LiUPU |
||
| 049 | _aPRUA | ||
| 082 | 0 | 4 |
_a181.3 _bO13 _221 |
| 245 | 0 | 0 |
_aObras Completas de Filón de Alejandría / _cTraducción directa del griego, introducción y notas de José María Triviño. |
| 264 | 1 |
_aBuenos Aires : _bAcervo Cultural Editores, _c1975. |
|
| 300 |
_a05 volúmenes ; _c19 centímetros. |
||
| 336 |
_atext _2rdacontent |
||
| 337 |
_aunmediated _2rdamedia |
||
| 338 |
_avolume _2rdacarrier |
||
| 490 | 0 | _aValoes en el tiempo. | |
| 505 | 0 |
_tVolumen 1: _aSobre la creación del mundo según Moisés -- Interpretación alegórica, de las sagradas leyes contenidas en el Génesis II y III -- Interpretación alegórica II -- Interpretación alegórica III -- Sobre los querubines, la espada flamígera y Caín, primer hombre nacido de hombre -- Sobre el nacimiento de Abel y los sacrificios ofrecidos por él y su hermano Caín -- Sobre las habituales intrigas de lo peor contra lo mejor |
|
| 505 | 0 |
_tVolumen 2: _aSobre la posteridad de Caín y su exilio -- Sobre los gigantes -- Sobre la inmutabilidad de Dios -- Sobre la agricultura -- Sobre la obra de Noé como plantador -- Sobre la ebriedad -- Sobre las súplicas e imprecaciones de Noé una vez sobrio -- Sobre la confusión de las lenguas -- Sobre la migración de Abraham. |
|
| 505 | 0 |
_tVolumen 3: _aSobre quién es el heredero de las cosas divinas -- Sobre la unión con los estudios preliminares -- Sobre la huida y el hallazgo -- Sobre aquellos cuyos nombres son cambiados y sobre los motivos de los cambios -- Sobre los sueños enviados por Dios I -- Sobre los sueños enviados por Dios II -- Sobre Abraham -- Sobre José |
|
| 505 | 0 |
_tVolumen 4: _aSobre la vida de Moisés I -- Vida de Moisés II -- Sobre los diez mandamientos o decálogos que son complementos de las leyes -- Sobre las leyes particulares I -- Sobre las leyes particulares II -- Sobre las leyes particulares III -- Sobre las leyes particulares IV. |
|
| 505 | 0 |
_tVolume 5: _aSobre las virtudes.- Sobre los premios y los castigos.- Sobre la vida contemplativa.- Sobre la indestructibilidad del mundo.- Flaco.- Hipotéticas (Apología de los judíos).- Sobre la providencia.- Sobre la embajada ante Cayo. |
|
| 526 | _aSEG68 | ||
| 526 | _aSEG70 | ||
| 526 | _aSEG69 | ||
| 526 | _aSEG67 | ||
| 526 | _aSEG43 | ||
| 526 | _aP144 | ||
| 526 | _aP143 | ||
| 526 | _aP131 | ||
| 526 | _aP122 | ||
| 526 | _aP120 | ||
| 526 | _aP117 | ||
| 526 | _aP112 | ||
| 526 | _aP110 | ||
| 526 | _aP106 | ||
| 526 | _aP101 | ||
| 526 | _aP80 | ||
| 526 | _aP59 | ||
| 526 | _aP54 | ||
| 526 | _aP35 | ||
| 526 | _aP33 | ||
| 526 | _aP30 | ||
| 600 | 0 |
_aFilón de Alejandría, _d25 a. de J. C-50 _95117 |
|
| 650 | 2 | 4 |
_aFilosofía antigua. _9510 |
| 650 | 2 | 0 |
_aFilosofía griega _95118 |
| 700 |
_aTriviño, José María, _eeditor. _95119 |
||
| 910 | _ajck | ||
| 942 |
_2ddc _cBK |
||
| 980 |
_818226 _gJaime Vilcazán Jefe de Análisis Documental |
||
| 999 |
_c56844 _d56844 |
||